Countries - Most Guessed Per Language - Statistics

General Stats
  • This quiz has been taken 100 times
  • The average score is 86 of 90
Answer Stats
Hint Answer Percentage % Correct
German Germany 96%
100%
French Germany 94%
100%
Italian Germany 93%
100%
Dutch Germany 94%
100%
Polish Germany 95%
100%
Finnish Germany 95%
100%
German Russia 95%
100%
English Russia 95%
100%
Spanish Russia 94%
100%
French Russia 96%
100%
Italian Russia 95%
100%
Dutch Russia 94%
100%
Polish Russia 96%
100%
Portuguese Russia 93%
100%
Finnish Russia 96%
100%
English Brazil 93%
99%
Spanish Brazil 95%
99%
French Brazil 94%
99%
Italian Brazil 92%
99%
Portuguese Brazil 97%
99%
Finnish Finland 98%
99%
Finnish Norway 96%
99%
German Spain 95%
99%
Spanish Spain 95%
99%
French Spain 96%
99%
Italian Spain 94%
99%
Dutch Spain 94%
99%
Polish Spain 93%
99%
Finnish Spain 95%
99%
Finnish Sweden 97%
99%
German United States 96%
99%
English United States 97%
99%
Spanish United States 96%
99%
French United States 95%
99%
Italian United States 96%
99%
Polish United States 95%
99%
Portuguese United States 96%
99%
Dutch Netherlands 95%
98%
English United Kingdom 94%
98%
Italian United Kingdom 93%
98%
German China 94%
97%
English China 95%
97%
Spanish China 93%
97%
French China 95%
97%
Dutch China 93%
97%
Polish China 93%
97%
Portuguese China 92%
97%
Finnish China 95%
97%
German France 95%
97%
English France 94%
97%
Spanish France 94%
97%
French France 98%
97%
Italian France 95%
97%
Dutch France 94%
97%
Polish France 94%
97%
Portuguese France 93%
97%
Finnish France 95%
97%
German Poland 93%
97%
Polish Poland 97%
97%
Spanish Argentina 95%
95%
Portuguese Argentina 95%
95%
German Italy 95%
95%
English Italy 93%
95%
French Italy 95%
95%
Italian Italy 96%
95%
Dutch Italy 93%
95%
Polish Italy 93%
95%
Finnish Italy 95%
95%
English Mexico 94%
95%
Spanish Mexico 96%
95%
Portuguese Mexico 94%
95%
German Canada 94%
93%
English Canada 96%
93%
Spanish Canada 96%
93%
French Canada 96%
93%
Italian Canada 94%
93%
Dutch Canada 93%
93%
Portuguese Canada 95%
93%
Dutch Belgium 95%
92%
French Portugal 94%
91%
Italian Portugal 93%
91%
Dutch Portugal 93%
91%
English Australia 93%
90%
Portuguese Australia 90%
90%
German Austria 93%
90%
Polish Ukraine 93%
79%
Finnish Estonia 95%
72%
Spanish Chile 94%
69%
Portuguese Chile 92%
69%
Polish Czech Republic 92%
69%
No matching quizzes found
Score Distribution
Percent of People with Each Score
Percentile by Number Answered
Your Score History
You have not taken this quiz